El concreto en la obra

Bibliographic Details
Format: Section = Libro
Language:Undetermined
Spanish
Published: México Limusa 1989
Subjects:
LEADER 00417nam a2200169Ia 4500
008 240829s9999 xx 000 0 und d
020 |a 968-18-2819-4 
040 |a BIBLIOTECA-RUPAP 693.5 I59 
041 |a spa 
082 |a 693.5 I59 
245 1 0 |a El concreto en la obra 
260 |a México  |b Limusa  |c 1989 
300 |a 124 p. :il. 
650 7 |a HORMIGON CONCRETO. I. Tít. 
942 |c BK  |2 ddc 
991 |a TEXTO 
999 |c 10362